[Event "AUTO-OPEN-1298"]
[Site "http://www.queenalice.com/game.php?id=548443"]
[Date "2009.3.1"]
[Round "2"]
[White "mauriciov"]
[Black "SacMaster"]
[Result "1-0"]
[WhiteElo "2418"]
[BlackElo "2077"]

1. Nf3 Nf6 2. d4 g6 3. Nc3 Bg7 4. e4 d6 5. Be2 O-O 6. O-O c5 7. Be3 cxd4 8. Nxd4
Nc6 9. f4 Bd7 10. Bf3 Rc8 11. Nxc6 Bxc6 12. Bd4 Qa5 13. Rb1 e5 14. fxe5 dxe5 15.
Be3 Rfd8 16. Qe2 b5 17. b4 Qa3 18. Rb3 Qa6 19. a4 Rb8 20. Ra1 Qb7 21. axb5 Bxb5
22. Nxb5 Qxb5 23. c4 Qc6 24. b5 1-0

[Event "AUTO-MASTER-633"]
[Site "http://www.queenalice.com/game.php?id=552572"]
[Date "2009.3.8"]
[Round "2"]
[White "SacMaster"]
[Black "MalucoO"]
[Result "0-1"]
[WhiteElo "2067"]
[BlackElo "2093"]

1. e4 c5 2. Nf3 e6 3. d3 Nc6 4. g3 g6 5. Bg2 Bg7 6. O-O Nge7 7. c3 e5 8. Nbd2 d6
9. Nc4 O-O 10. Nfd2 b5 11. Ne3 f5 12. exf5 gxf5 13. f4 Rb8 14. Nf3 e4 15. dxe4
fxe4 16. Ng5 d5 17. Nh3 d4 18. Nc2 dxc3 19. bxc3 Bxc3 20. Rb1 Qxd1 21. Rxd1 Be6
22. Bb2 Nd4 23. Bxc3 Ne2+ 0-1

[Event "AUTO-MASTER-633"]
[Site "http://www.queenalice.com/game.php?id=552573"]
[Date "2009.3.8"]
[Round "2"]
[White "MalucoO"]
[Black "SacMaster"]
[Result "0-1"]
[WhiteElo "2051"]
[BlackElo "2042"]

1. e4 c5 2. Nf3 d6 3. d4 cxd4 4. Nxd4 Nf6 5. Nc3 a6 6. Bc4 e6 7. O-O Nbd7 8. f4
Nc5 9. Kh1 Be7 10. Be3 b5 11. Bd3 Bb7 12. e5 Nfd7 13. exd6 Bxd6 14. f5 e5 15.
Nb3 Nxb3 16. axb3 Nf6 17. Qe1 O-O 18. Rd1 Qb8 19. Bg5 e4 20. Nxe4 Nxe4 21. Bxe4
Re8 22. Bxb7 Rxe1 23. Rfxe1 Qxb7 24. Rxd6 f6 25. Be3 Re8 26. Re6 Rc8 27. c3 Qd5
28. b4 Qxf5 29. Rxa6 Qc2 30. Bd4 Qxb2 31. h3 Qd2 0-1

[Event "AUTO-MASTER-633"]
[Site "http://www.queenalice.com/game.php?id=552574"]
[Date "2009.3.8"]
[Round "2"]
[White "SacMaster"]
[Black "CCapivara"]
[Result "1/2-1/2"]
[WhiteElo "2075"]
[BlackElo "2143"]

1. e4 d6 2. d4 Nf6 3. Nc3 c6 4. f4 Qa5 5. Bd2 Qb6 6. Nf3 Bg4 7. e5 Nd5 8. exd6
Nxc3 9. Bxc3 exd6 10. Bd3 Be7 11. Qe2 Qc7 12. h3 Bxf3 13. Qxf3 O-O 14. O-O-O Nd7
15. g4 d5 16. h4 b5 17. g5 a5 18. f5 Bb4 19. Be1 Rfe8 20. Bg3 Bd6 21. Rdg1 Bxg3
22. Rxg3 f6 23. h5 fxg5 24. h6 Nf6 25. Rxg5 Re7 26. Rhg1 Ne8 27. f6 Rf7 28.
Rxg7+ Nxg7 29. Rxg7+ Kf8 30. Bxh7 Rxg7 31. hxg7+ Kf7 32. Qh5+ Kxf6 33. g8=N+
Rxg8 34. Qh4+ Kg7 1/2-1/2

[Event "AUTO-MASTER-633"]
[Site "http://www.queenalice.com/game.php?id=552575"]
[Date "2009.3.8"]
[Round "2"]
[White "CCapivara"]
[Black "SacMaster"]
[Result "1-0"]
[WhiteElo "2141"]
[BlackElo "2086"]

1. e4 c5 2. Nf3 d6 3. d4 cxd4 4. Nxd4 Nf6 5. Nc3 a6 6. Bg5 e6 7. f4 Qb6 8. a3
Nc6 9. Nxc6 bxc6 10. Bxf6 gxf6 11. f5 Qxb2 12. Na4 Qe5 13. Bd3 exf5 14. O-O f4
15. Kh1 Be6 16. Nb6 Rb8 17. Nc4 Qd4 18. Nd2 Bh6 19. Qh5 Bf8 20. Qa5 Qb6 21. Qh5
Qd4 22. Qa5 Qb6 23. Qxa6 Qxa6 24. Bxa6 Rb2 25. Bd3 d5 26. Rxf4 Bd6 27. Rxf6 Be5
28. Rff1 Kd7 29. a4 Ra8 30. exd5 cxd5 31. Nb3 Bc3 32. Nc5+ Kd6 33. Nxe6 fxe6 34.
Bxh7 Rb7 35. Ra3 Bb2 36. Rb3 Rxh7 37. Rxb2 Rxa4 38. Rb6+ Ke5 39. Re1+ Re4 40.
Rxe4+ dxe4 41. Kg1 Rc7 42. Rb2 Kd4 43. Kf2 Rc6 44. Ke2 Kc3 45. Ra2 Rc7 46. Ke3
Rg7 47. g3 Rh7 48. h4 Rg7 49. Kxe4 Kb4 50. Kf4 e5+ 51. Kxe5 Rxg3 52. c3+ Rxc3
53. Rh2 Kc5 54. h5 Re3+ 55. Kf5 Kd5 56. h6 Rf3+ 57. Kg5 Rg3+ 58. Kf4 Rg8 59. h7
Rh8 60. Kf5 1-0

[Event "AUTO-OPEN-1326"]
[Site "http://www.queenalice.com/game.php?id=559730"]
[Date "2009.3.22"]
[Round "2"]
[White "SacMaster"]
[Black "Pato"]
[Result "0-1"]
[WhiteElo "2052"]
[BlackElo "2109"]

1. e4 Nc6 2. d4 e5 3. d5 Nce7 4. c4 Ng6 5. Nc3 Bc5 6. Nf3 Nf6 7. Bd3 O-O 8. Bg5
d6 9. h3 h6 10. Bd2 c6 11. g3 Qb6 12. O-O Qxb2 13. Na4 Qa3 14. Nxc5 Qxc5 15. Kh2
Bd7 16. Rb1 cxd5 17. cxd5 Rfb8 18. Bb4 Qc7 19. Qb3 Ne8 20. Rfc1 Qd8 21. Qa3 Qe7
22. Nd2 b5 23. Ba5 Qg5 24. Nf3 Qh5 25. Ng1 Qg5 26. Bc7 b4 27. Qb2 Rb7 28. Ba5 h5
29. Ba6 Rbb8 30. Nf3 Qf6 31. Ne1 h4 32. Ng2 hxg3+ 33. fxg3 Qf3 34. Re1 Qh5 35.
h4 Qg4 36. Qf2 Nf6 37. Qe3 Qh3+ 38. Kg1 Ng4 39. Qf3 Qh2+ 40. Kf1 f5 41. exf5
Bxf5 42. Bxb4 Rf8 43. Bxd6 Bd3+ 0-1

[Event "AUTO-OPEN-1326"]
[Site "http://www.queenalice.com/game.php?id=559731"]
[Date "2009.3.22"]
[Round "2"]
[White "Pato"]
[Black "SacMaster"]
[Result "1-0"]
[WhiteElo "2105"]
[BlackElo "2069"]

1. Nh3 Nf6 2. Na3 g6 3. d4 Bg7 4. c4 O-O 5. e3 d6 6. Nf4 c5 7. Nc2 Bf5 8. Bd3
Bxd3 9. Qxd3 Nbd7 10. O-O cxd4 11. exd4 e5 12. Ne2 e4 13. Qb3 Qc7 14. Bf4 Nh5
15. Be3 f5 16. g3 Kh8 17. Rac1 Ndf6 18. d5 Ng4 19. Ncd4 Nxe3 20. fxe3 Bh6 21.
Ne6 Qb6 22. Qc3+ Bg7 23. Nxg7 Nxg7 24. Nd4 Kg8 25. b4 Rac8 26. c5 Qc7 27. c6
bxc6 28. dxc6 a6 29. a4 Rb8 30. b5 Rfc8 31. Rb1 Rb6 32. Rfc1 Kf8 33. a5 Rbb8 34.
b6 1-0

[Event "AUTO-ADV-1064"]
[Site "http://www.queenalice.com/game.php?id=578610"]
[Date "2009.4.27"]
[Round "2"]
[White "QuickQuickSlow"]
[Black "SacMaster"]
[Result "1-0"]
[WhiteElo "2441"]
[BlackElo "2037"]

1. e4 c5 2. Nf3 d6 3. d4 cxd4 4. Nxd4 Nf6 5. Nc3 a6 6. Be3 e5 7. Nb3 Be7 8. f3
Be6 9. Qd2 O-O 10. O-O-O a5 11. Bb5 Na6 12. Qe2 a4 13. Bxa4 Qb8 14. g4 Rc8 15.
g5 Nh5 16. Bb5 Nb4 17. Kb1 Rxc3 18. bxc3 Nxa2 19. Kb2 Qc7 20. Rd3 d5 21. Ra1 d4
22. cxd4 Bxb3 23. Rxb3 Qa5 24. Qd2 Ba3+ 25. Kb1 Bb4 26. Rxb4 1-0

[Event "AUTO-ADV-1064"]
[Site "http://www.queenalice.com/game.php?id=578611"]
[Date "2009.4.27"]
[Round "2"]
[White "SacMaster"]
[Black "QuickQuickSlow"]
[Result "0-1"]
[WhiteElo "2058"]
[BlackElo "2426"]

1. e4 c5 2. Nf3 d6 3. Bb5+ Nd7 4. d4 Nf6 5. Nc3 cxd4 6. Qxd4 e5 7. Qd3 h6 8. Be3
Be7 9. O-O a6 10. Bxd7+ Bxd7 11. Rad1 Qc7 12. Nd2 b5 13. f4 Rc8 14. a3 O-O 15.
Nf3 Be6 16. Rf2 Bc4 17. Qd2 Ng4 18. fxe5 dxe5 0-1

[Event "INTERNATIONAL"]
[Site "http://www.queenalice.com/game.php?id=588832"]
[Date "2009.5.15"]
[Round "2"]
[White "technicaldraw"]
[Black "SacMaster"]
[Result "0-1"]
[WhiteElo "2032"]
[BlackElo "2035"]

1. e4 c5 2. Nf3 d6 3. d4 cxd4 4. Nxd4 Nf6 5. Nc3 a6 6. Be3 e5 7. Nb3 Be7 8. f3
Be6 9. Qd2 O-O 10. O-O-O a5 11. Bb5 Na6 12. Qe2 Qb8 13. g4 a4 14. Bxa4 Rc8 15.
Bb5 Nb4 16. Kd2 d5 17. exd5 Nfxd5 18. a4 Qd6 19. Kc1 Nxc3 20. bxc3 Na2+ 21. Kb2
Qa3+ 0-1

[Event "AUTO-OPEN-1254"]
[Site "http://www.queenalice.com/game.php?id=631489"]
[Date "2009.8.6"]
[Round "2"]
[White "SacMaster"]
[Black "jmgk"]
[Result "0-1"]
[WhiteElo "2053"]
[BlackElo "2063"]

1. e4 e5 2. Nf3 Nc6 3. Bb5 a6 4. Ba4 Nf6 5. Qe2 b5 6. Bb3 Be7 7. c3 d5 8. exd5
Nxd5 9. Nxe5 Nxe5 10. Qxe5 Bb7 11. O-O O-O 12. d4 Bd6 13. Qh5 Nf6 14. Qh3 Re8
15. Bg5 Qe7 16. Nd2 c5 17. dxc5 Bxc5 18. Rad1 h6 19. Bh4 Rad8 20. Nf3 Rxd1 21.
Bxd1 g5 22. Nxg5 hxg5 23. Bxg5 Qe5 24. Qh4 Ne4 25. Bf4 Qg7 26. Bh6 Qf6 27. Qg4+
Qg6 28. Qxg6+ fxg6 29. Bb3+ Kh7 30. Be3 Bxe3 31. fxe3 Nc5 32. Rf7+ Kh6 33. Kf2
Nd3+ 34. Kg3 Rxe3+ 0-1

[Event "AUTO-OPEN-1254"]
[Site "http://www.queenalice.com/game.php?id=631490"]
[Date "2009.8.6"]
[Round "2"]
[White "jmgk"]
[Black "SacMaster"]
[Result "1-0"]
[WhiteElo "2079"]
[BlackElo "2037"]

1. e4 c5 2. d4 cxd4 3. c3 g6 4. cxd4 Bg7 5. Nf3 d5 6. Nc3 dxe4 7. Nxe4 Nf6 8.
Ng3 Be6 9. Bb5+ Nbd7 10. O-O O-O 11. Be3 Nb6 12. Qe2 a6 13. Bd3 Nfd5 14. Rfd1
Rc8 15. Rac1 Qd7 16. Qd2 Nxe3 17. Qxe3 Bxa2 18. Ne5 Qe6 19. f4 Bb3 20. Rxc8 Rxc8
21. Rc1 Nd5 22. Rxc8+ Qxc8 23. Qd2 Bh6 24. Ne2 f6 25. Nf3 Qc7 26. g3 b5 27. Be4
Bf8 28. Nc1 Qc4 29. f5 g5 30. Nxb3 Qxb3 31. Ne1 e6 32. fxe6 Ne3 33. Nd3 Nc4 34.
Qe2 Be7 35. Qh5 Nd6 36. Qxh7+ 1-0

[Event "Challenge #1"]
[Site "http://www.queenalice.com/game.php?id=648240"]
[Date "2009.9.6"]
[Round "-"]
[White "Aylton"]
[Black "SacMaster"]
[Result "1-0"]
[WhiteElo "1988"]
[BlackElo "2023"]

1. d4 Nf6 2. Nf3 g6 3. e3 Bg7 4. c4 O-O 5. Nc3 d5 6. h3 c5 7. a3 Nc6 8. dxc5
dxc4 9. Qxd8 Rxd8 10. Bxc4 Nd7 11. Bd2 Nxc5 12. O-O-O Bf5 13. g4 Na5 14. gxf5
1-0

[Event "Challenge #2"]
[Site "http://www.queenalice.com/game.php?id=648241"]
[Date "2009.9.6"]
[Round "-"]
[White "SacMaster"]
[Black "Aylton"]
[Result "0-1"]
[WhiteElo "2006"]
[BlackElo "2005"]

1. e4 c5 2. Nf3 Nc6 3. Bb5 e6 4. Bxc6 bxc6 5. d3 d6 6. Qe2 Qc7 7. c4 Nf6 8. Nc3
Be7 9. Bg5 O-O 10. e5 dxe5 11. Nxe5 h6 12. Bh4 Bb7 13. O-O g5 14. Bg3 Qb6 0-1